000 00361nam a22001577a 4500
003 OSt
008 240507b |||||||| |||| 00| 0 eng d
020 _a9789354645778
082 _a005.368 HYM
100 _aHYMAN,Jack
245 _aMicrosoft Power BI for Dummies
250 _aRep
260 _aNew Delhi
_bWiley
_c2024
300 _a402
942 _2ddc
_cBK
999 _c12636
_d12636